| 000 | 00757pam a2200265 a 4500 | ||
|---|---|---|---|
| 001 | 2387203 | ||
| 003 | OSt | ||
| 005 | 20240126125216.0 | ||
| 008 | 850820s1985 ne 001 0 eng c | ||
| 010 | _a 85019551 | ||
| 020 | _a0443031274 (pbk.) | ||
| 040 |
_aDNLM/DLC _cDLC _dDLC |
||
| 050 | 0 | 0 |
_aRC111 _b.B43 1985 |
| 060 | _aWC 100 B469a | ||
| 082 | 0 | 0 |
_aWC 18 B43a 1985 _219 |
| 100 | 1 |
_aBenn, R. A. V. _92628 |
|
| 245 | 1 | 0 | _aAids to Microbiology and Infectious Diseases |
| 260 |
_aEdinburgh ; _bChurchill Livingstone, _c1985. |
||
| 300 |
_a283 p. ; _c22 cm. |
||
| 500 | _aIncludes index. | ||
| 650 | 0 |
_aCommunicable diseases _92629 |
|
| 650 | 0 |
_aMedical microbiology _92630 |
|
| 906 |
_a7 _bcbc _corignew _d1 _eocip _f19 _gy-gencatlg |
||
| 942 |
_2z _cSLOAN |
||
| 999 |
_c975 _d975 |
||